000 00277nam a22001337a 4500
008 171102b xxu||||| |||| 00| 0 eng d
020 _a9781133190110
041 _aeng
080 _a339.138
100 _a60
101 _aMAR
245 _aMKTG
_cLAMB,CH.W
942 _2udc
_cBK
999 _c37291
_d37291